000 00696nam a2200169 4500
008 260323b |||||||| |||| 00| 0 eng d
020 _a9780230300750
100 _aWodak, Ruth
245 _aThe Discourse of Politics in Action:
_bpolitics as usual/
_cRuth Wodak
260 _aNew York:
_bPalgrave Macmillan,
_c2007.
300 _axvi,252p.:
_bill.;
_c21cm.
504 _aIncludes bibliographical references (p. 208-252) and index.
650 _2Political science - European union counties.
650 _2Communication in politics- European union counties.
650 _2European parliament - official and employees - case studies.
942 _2lcc
_cBOOKS
_hJA 84 .E9W63 2009
999 _c32375
_d32375